LEADER 01030nam0 22002531i 450 001 VAN00021142 005 20250415082735.461 100 $a20040802d1982 |0itac50 ba 101 $aita 102 $aIT 105 $a|||| ||||| 200 1 $aAtlante aerofotografico$econ esempi di fotointerpretazione$fEraldo Amadesi 210 $aBologna$cPitagora$d1982 215 $a143 p.$cill.$d25x25 cm 620 $dBologna$3VANL000003 676 $a910.22$cAerofotografie$v22 700 1$aAmadesi$bEraldo$3VANV017426$08290 712 $aPitagora $3VANV108147$4650 801 $aIT$bSOL$c20250418$gRICA 899 $aBIBLIOTECA DEL DIPARTIMENTO DI SCIENZE E TECNOLOGIE AMBIENTALI BIOLOGICHE E FARMACEUTICHE$1IT-CE0101$2VAN17 912 $aVAN00021142 950 $aBIBLIOTECA DEL DIPARTIMENTO DI SCIENZE E TECNOLOGIE AMBIENTALI BIOLOGICHE E FARMACEUTICHE$d17CONS Sc6 $e17FSA686 20040802 $sBuono 996 $aAtlante Aerofotografico$9324910 997 $aUNICAMPANIA